[Event "EWCCC Online Preliminary-D 2020"]
[Site "Online"]
[Date "2020.12.19"]
[Round "2.3"]
[White "Jose Polanco, Kenia"]
[Black "Matnadze, Ana"]
[Result "0-1"]
[WhiteElo "1828"]
[BlackElo "2421"]
[Annotator "TA"]
[PlyCount "92"]
[EventDate "2020.12.19"]
[EventType "team-tourn"]
[EventCountry "NET"]
[SourceTitle "playchess.com"]
[Source "ChessBase"]
[SourceQuality "1"]

{[%evp 9,92,0,3,0,38,12,39,8,36,-18,-12,-40,-28,-49,-49,-45,-36,-98,-82,-145,-137,-128,-133,-169,-116,-145,-143,-141,-137,-152,-117,-148,-142,-168,-159,-158,-140,-180,-186,-360,-363,-391,-366,-487,-489,-509,-502,-565,-547,-581,-507,-507,-507,-507,-506,-587,-561,-687,-683,-677,-668,-746,-734,-955,-958,-1014,-1006,-961,-926,-1075,-1074,-1047,-871,-871,-867,-859,-859,-2154,-1166,-29986,-29984,-29983,-29984,-29990,-29991]} 1. d4 Nf6 2. Bf4 g6 3. Nc3 d5 4. h4 h5 5. Nf3 Bg7 6. Ne5 {A45: Trompowsky Attack.} a6 7. e3 c5 8. Be2 {White is slightly better.} Nc6 {[#]} 9. Bf3 $146 ({White should play} 9. dxc5 $14 Bf5 10. f3) ({Predecessor:} 9. Qd2 cxd4 10. exd4 Qb6 11. Kd1 Qxd4 12. Nxc6 Qxd2+ 13. Kxd2 bxc6 14. Na4 O-O 15. Nb6 {1-0 (31) Buksa,N (2410)-Mayeregger,A (2121) chess.com INT 2020}) 9... cxd4 10. exd4 Bf5 11. Qd2 Rc8 12. O-O O-O 13. Ne2 {[#]} (13. Rfd1 $15) 13... Bxc2 $1 $17 {[%mdl 512] Black keeps a firm grip on the game.} 14. Bh6 (14. Nxf7 $142 Kxf7 15. Qxc2) (14. Qxc2 Nxe5) 14... Be4 15. Bxg7 Kxg7 16. Ng3 Rh8 (16... Bxf3 $19 17. Nxf3 Ne4) 17. Rfe1 Bxf3 18. Nxf3 e6 19. Rac1 Ng4 20. Qf4 Qf6 21. Qxf6+ Nxf6 22. Ne2 Nb4 23. Rxc8 Rxc8 24. a3 $2 (24. Rc1 Rxc1+ 25. Nxc1) 24... Nd3 $1 $19 {[%csl LRb2,LRe1][%mdl 64] [#] Double Attack} 25. Rd1 Nxb2 26. Rb1 Rc2 27. Nf4 Ne4 28. Nh3 b5 29. Ne1 Rd2 30. Nf3 Rd1+ 31. Rxd1 Nxd1 {[%mdl 4096] Endgame KNN-KNN} 32. Ne1 Ndc3 33. Nd3 Ne2+ 34. Kf1 Nxd4 35. Nb4 a5 {[%cal Ba6a5,Ba5a4,Ba4a3,Ba3a2][%mdl 32]} 36. Na2 Nc2 37. Nf4 Nxa3 38. Nd3 b4 {[%cal Bb5b4,Bb4b3][%mdl 32]} 39. Ke2 b3 40. Nac1 a4 41. Nb2 Nc3+ 42. Kd3 Nab5 {Hoping for ...a3.} 43. f3 Na2 44. Ne2 Nb4+ {Black mates.} 45. Kd2 a3 46. Kc1 a2 {Weighted Error Value: White=0.44/Black=0.13} 0-1

[Event "EWCCC Online Preliminary-D 2020"]
[Site "Online"]
[Date "2020.12.19"]
[Round "2.3"]
[White "Rubsamen, Anais"]
[Black "Sandu, Mihaela"]
[Result "0-1"]
[WhiteElo "1692"]
[BlackElo "2268"]
[Annotator "TA"]
[PlyCount "110"]
[EventDate "2020.12.19"]
[EventType "team-tourn"]
[EventCountry "NET"]
[SourceTitle "playchess.com"]
[Source "ChessBase"]
[SourceQuality "1"]

{[%evp 15,109,33,59,34,77,69,65,25,33,0,0,7,11,-18,-21,-47,-26,-12,0,0,4,-15,-16,-13,0,9,27,16,16,16,16,16,16,-19,-21,-19,-14,-89,-59,-188,-55,-39,4,-215,-122,-514,-516,-515,-508,-511,-499,-475,-230,-5071,-5052,-29991,-336,-336,-336,-336,-335,-511,-317,-662,-606,-29957,-552,-29965,-29964,-29970,-643,-624,-547,-29973,-29973,-29973,-29974,-29967,-12822,-29986,-29985,-29985,-29986,-29986,-29987,-29987,-29986,-29996,-29997,-29997,-29998,-29998,-29998,-29998,-29999,-29999]} 1. Nf3 Nf6 2. g3 g6 3. Bg2 Bg7 4. O-O O-O 5. c4 d6 6. d4 Nc6 7. b3 a6 8. Bb2 Bd7 9. Nbd2 {A49: 1 d4 Nf6 2 Nf3 g6 3 g3: Anti-King's Indian systems.} b5 {[#]} 10. e4 $146 ({Predecessor:} 10. Rc1 Rb8 11. c5 Re8 12. a3 e5 13. cxd6 cxd6 14. dxe5 dxe5 15. Ng5 Nd4 16. e3 Ne6 {1-0 (38) Atakisi,U (2358)-Pap,M (2496) Veliko Gradiste 2016}) 10... bxc4 11. bxc4 {White is slightly better.} Rb8 12. Rb1 e5 13. dxe5 Ng4 14. c5 Ngxe5 15. Nxe5 Nxe5 (15... dxe5 {keeps more tension.} 16. Bc3 Rxb1 17. Qxb1 Nd4 18. Bxd4 exd4 19. Re1 Qe7) 16. cxd6 cxd6 17. f4 Nf3+ 18. Nxf3 Bxb2 19. Qxd6 {Hoping for Qd2.} Be6 20. Qxa6 Rb6 21. Qe2 Qb8 $1 22. Kh1 Rc8 23. Qf2 Bxa2 24. Rbd1 Bc4 25. Rg1 Ba3 {White should prevent ...Bc5.} 26. Qd2 (26. Bh3 $1 $11 Bc5 27. Qe1) 26... Bc5 {[%mdl 1024] aiming for ...Rb2. Black has strong compensation.} 27. Nd4 ({Better is} 27. Bh3 $15 Re8 28. Qc2 Bxg1 29. Qxc4) 27... Rb2 ({Black should play} 27... Rd6 $19 28. Qc3 Ba6) 28. Qc3 $15 Bf8 {Strongly threatening ...Be2.} 29. e5 $2 {[#] White is on the road to losing.} (29. Rd2 $11 {and White stays safe.} Rb1 30. Qe3) 29... Be2 (29... Bd5 $1 $19 {[%mdl 512]} 30. Qxb2 (30. Bxd5 Rxc3) 30... Qxb2 31. Bxd5 Rd8) 30. Qa5 $2 {[%mdl 8192]} (30. Nxe2 $17 {is tougher.} Rxc3 31. Nxc3) 30... Bxd1 $19 31. Rxd1 Rb1 32. Qe1 {[#]} Rxd1 $1 33. Qxd1 Qb2 $40 {[%mdl 128] Black is out for blood.} (33... Rd8 $142 34. Qa1 Qb6) 34. Bf1 $2 {[#]} (34. Ne2) 34... Rc1 $1 35. Qd3 Rxf1+ $2 (35... Qf2 {mates} 36. h4 Rxf1+ 37. Qxf1 Qxf1+ 38. Kh2 Bc5 39. h5 Bxd4 40. hxg6 Bg1+ 41. Kh1 Bf2+ {[%mdl 64] Discovered Attack} 42. Kh2 Qg1+ {[%mdl 64] Double Attack} 43. Kh3 Qxg3#) 36. Qxf1 Qxd4 37. Kg2 Bc5 38. h3 (38. Qf3 {was necessary.}) 38... Qd2+ 39. Kf3 $2 (39. Kh1) 39... h5 40. g4 Qe3+ 41. Kg2 h4 42. f5 Qxe5 (42... Qg3+ $142 43. Kh1 Qxe5 44. fxg6 fxg6 45. Kg2 Qg3+ 46. Kh1 Bd6 47. Qc4+ Kg7 48. Qc2 Qxh3+ 49. Kg1 Qe3+ 50. Kf1 h3 51. Qb2+ Kh7 52. Qb7+ Kh6 53. g5+ Qxg5 54. Qf3 Qb5+ 55. Kf2 Qc5+ 56. Ke1 h2 57. Qh3+ Kg7 58. Kd2 Bf4+ 59. Ke1 Qc1+ 60. Ke2 Qc2+ 61. Kf1 Qd1+ 62. Kf2 h1=R 63. Qxh1 Qxh1 64. Ke2 Qe4+ 65. Kf2 Be5 66. Kf1 Qf3+ 67. Kg1 Qe2 68. Kh1 Qh2#) 43. fxg6 Qe4+ 44. Kh2 Qxg6 45. Kg2 Qc2+ 46. Kf3 Qc3+ (46... Qb3+ $142 47. Ke2 Qe3+ 48. Kd1 Bb4 49. Kc2 Qc3+ 50. Kb1 Qb3+ 51. Kc1 Be7 52. Qf4 Qxh3 53. Qb8+ Bf8 54. g5 Qf1+ 55. Kc2 h3 56. g6 fxg6 57. Kc3 Qf3+ 58. Kd4 Qf2+ 59. Kc3 h2 60. Qa8 Qe1+ 61. Kd3 h1=Q 62. Qxh1 Qxh1 63. Kd4 Qd1+ 64. Kc4 Qc2+ 65. Kd4 Qb3 66. Ke5 Qd3 67. Kf4 Bd6+ 68. Kg5 Qf5+ 69. Kh6 Qh5#) 47. Kg2 Qd2+ {Black mates.} 48. Kf3 Qe3+ 49. Kg2 Qg3+ 50. Kh1 Bd4 51. Qg2 Qe1+ 52. Kh2 Be5+ 53. Qg3 Bxg3+ 54. Kg2 Qf2+ 55. Kh1 Qh2# {Weighted Error Value: White=1.32/Black=0.53} 0-1

[Event "EWCCC Online Preliminary-D 2020"]
[Site "Online"]
[Date "2020.12.19"]
[Round "2.4"]
[White "Gunina, Valentina"]
[Black "Mammadzada, Gunay"]
[Result "1-0"]
[WhiteElo "2451"]
[BlackElo "2443"]
[Annotator "TA"]
[PlyCount "131"]
[EventDate "2020.12.19"]
[EventType "team-tourn"]
[EventCountry "NET"]
[SourceTitle "playchess.com"]
[Source "ChessBase"]
[SourceQuality "1"]

{[%evp 9,131,15,21,17,23,-30,-16,-54,-36,-51,-50,-30,0,-56,-37,-79,-58,-108,-91,-86,-35,-86,-14,-13,0,0,0,-2,0,0,0,0,0,0,0,0,0,0,0,0,0,-31,-34,-65,0,-33,-29,-23,0,0,0,0,0,0,0,0,21,0,0,0,0,0,0,0,0,0,0,0,26,26,26,26,649,572,918,13,18,0,0,0,0,0,0,0,0,0,0,0,0,0,8,0,93,87,29970,29971,29971,29972,29972,29973,29972,29974,29975,29977,29976,29978,29978,29979,29979,29980,29980,29979,29981,29980,29980,29981,29981,29980,29983,29980,29980,29981,29982,29983]} 1. d4 d5 2. c4 c6 3. Nf3 Nf6 4. g3 dxc4 5. Bg2 g6 6. O-O {D11: Slav Defence: 3 Nf3 sidelines and 3...Nf6 4 e3 Bg4.} Bg7 7. Ne5 (7. Qc2 $142) 7... Ng4 $11 8. Nxg4 {The position is equal. is now debated instead of 8.Nf3.} Bxg4 9. Be3 Nd7 10. Nc3 O-O {[#]} 11. Qd2 $146 (11. d5 $1 $11) ({Predecessor:} 11. d5 cxd5 12. Qxd5 Be6 13. Qxb7 Rb8 14. Qxa7 Rxb2 15. Qa3 Qb8 16. Rac1 Qb4 17. Qxb4 Rxb4 {0-1 (34) Gimon Bastardo,M (2076)-Marichal Gonzalez,A (2317) Guatire 2020}) 11... Rc8 12. d5 {[#] Black must now prevent f3.} Nb6 13. h3 Bd7 14. Rad1 Qe8 (14... Nxd5 $17 15. Nxd5 cxd5 16. Qxd5 Be6) 15. Bh6 (15. d6 $1 $15 exd6 16. Qxd6) 15... Bxh6 (15... cxd5 $17 16. Bxg7 Kxg7) 16. Qxh6 cxd5 17. Rd4 {White threatens Rh4 and mate.} f6 18. Nxd5 Bc6 19. Nxb6 axb6 20. Rxc4 Bxg2 21. Rxc8 Qxc8 22. Kxg2 {[%mdl 4096] Endgame KQR-KQR} Qe6 23. Qd2 Qxa2 24. Rc1 Qe6 25. Rc7 Rc8 26. Rd7 b5 (26... Kf7 $15) 27. f3 b6 28. Rd3 b4 29. Re3 $1 {[%cal Re3e6]} Qd6 30. Qxd6 exd6 {KR-KR} 31. Kf2 Rc2 32. Re6 Rxb2 33. Rxd6 Kf7 34. Rxb6 b3 35. Ke3 Rb1 36. Rb7+ Kg8 37. g4 b2 38. Ke4 Rh1 39. Rxb2 Rxh3 40. Kd5 {aiming for Ke6.} Rh2 $2 {[%mdl 8192]} (40... h5 $11) 41. Ke6 $18 Kg7 {intending ...h5.} 42. f4 $2 (42. Rb7+ $18 Kf8 43. Kxf6) 42... h5 $11 43. g5 (43. gxh5 {feels hotter.} Rxh5 44. Rb7+ Kh6 45. Re7 f5 46. Kf7) 43... fxg5 $1 44. fxg5 Rf2 45. Rb7+ Kg8 46. e4 h4 47. Rb8+ $1 Kg7 48. Rb7+ Kg8 49. Rb3 Rf4 50. e5 Rf5 {[#]} (50... Kg7 $11 {remains equal.}) 51. Kd6 $1 $16 {e6 is the strong threat. White leaves nothing to chance now.} Rxg5 $2 {[%mdl 8192]} (51... h3 $16) 52. e6 {White mates.} Rg1 53. Rb8+ Kg7 54. e7 Rd1+ 55. Kc5 Re1 56. e8=Q Rxe8 57. Rxe8 {KR-KPP} Kf6 58. Kd4 Kf5 59. Ke3 Kg4 60. Kf2 g5 61. Kg2 Kf4 62. Rf8+ Kg4 63. Ra8 Kh5 64. Ra5 Kg4 65. Ra4+ Kh5 66. Kh3 {Weighted Error Value: White=0.21/Black=0.30} 1-0

[Event "EWCCC Online Preliminary-D 2020"]
[Site "Online"]
[Date "2020.12.19"]
[Round "2.4"]
[White "Bodnaruk, Anastasia"]
[Black "Balajayeva, Khanim"]
[Result "1-0"]
[WhiteElo "2423"]
[BlackElo "2376"]
[Annotator "TA"]
[PlyCount "85"]
[EventDate "2020.12.19"]
[EventType "team-tourn"]
[EventCountry "NET"]
[SourceTitle "playchess.com"]
[Source "ChessBase"]
[SourceQuality "1"]

{[%evp 24,85,23,17,27,14,14,14,18,7,17,0,8,-7,29,9,19,-18,19,-15,0,0,-13,-23,-26,-107,-101,-161,-102,-95,-104,-163,-102,-154,-179,-148,-147,-158,-158,-153,-32,-38,0,0,0,-116,-82,-114,0,0,0,8,3,32,237,216,225,133,251,243,29990,29991,29991,29988]} 1. e4 e5 2. Nf3 Nc6 3. Bb5 a6 4. Ba4 Nf6 5. O-O Be7 6. Re1 b5 7. Bb3 d6 8. c3 O-O 9. h3 Nb8 10. d4 Nbd7 11. Nbd2 Bb7 12. Bc2 c5 13. d5 c4 {C95: Closed Ruy Lopez: Breyer Variation with 10 d4.} 14. b3 cxb3 15. axb3 Qc7 {The position is equal.} 16. Bb2 Rfb8 17. b4 Nb6 18. Bb3 {[#]} Nfd7 $146 ({Predecessor:} 18... Bc8 19. Rc1 Bd7 20. c4 bxc4 21. Nxc4 Nxc4 22. Rxc4 Qb6 23. Nxe5 dxe5 24. Bxe5 Bxb4 {0-1 (46) Ernst,T (2391)-Horbing,S (2059) Karlstad 2013}) 19. Qe2 Rc8 20. g3 Nc4 (20... f5 $5) 21. Bxc4 bxc4 22. Ra5 Nb6 23. Nh2 f5 24. exf5 (24. Nhf1 $11) 24... Nxd5 $17 ({Reject} 24... Bxd5 $6 25. f4 $11) 25. Ne4 {[#]} (25. Ng4 $17) 25... Nf6 (25... Rf8 $1 $19 26. Rd1 Nf6 27. Nxf6+ Rxf6) 26. f3 Qd7 27. g4 (27. Ng4 $17) 27... Bd8 (27... Nxe4 $19 28. fxe4 Bd8) 28. Raa1 (28. Nxf6+ $142 gxf6 29. Ra3) 28... Nxe4 29. fxe4 d5 30. Rad1 Bb6+ 31. Kf1 Qf7 (31... a5 $17 {Threatens to win with ...axb4.} 32. Nf3 axb4 33. exd5 b3 34. Nxe5 Qd6) 32. Nf3 $15 dxe4 33. Nxe5 Qc7 34. Qh2 (34. Rd7 $11 Qxe5 35. Rxb7 Qf4+ 36. Kg2) 34... Rd8 $17 {Hoping for ...a5.} 35. Bc1 e3 ({Better is} 35... a5 $17 {And now ...axb4 would win.} 36. b5 {[#]} Rd3 $1 {[%mdl 512]} 37. Rxd3 exd3) 36. Rxd8+ $11 Rxd8 37. Bxe3 Bxe3 38. Rxe3 Qd6 $2 (38... a5 $14) 39. Qf4 $18 Bd5 40. Re2 (40. Kf2 $18) 40... Re8 (40... a5 $16) 41. Qd4 Kh8 $2 {[#]} (41... Rd8 $18 42. Kf2 h6) 42. Nf7+ $1 {[%mdl 512]} Bxf7 43. Qxd6 {What a bad dream for Black.  Weighted Error Value: White=0.26/Black=0.60} 1-0

[Event "EWCCC Online Preliminary-D 2020"]
[Site "Online"]
[Date "2020.12.19"]
[Round "2.4"]
[White "Mammadova, Gulnar"]
[Black "Sebag, Marie"]
[Result "1/2-1/2"]
[WhiteElo "2382"]
[BlackElo "2438"]
[Annotator "TA"]
[PlyCount "119"]
[EventDate "2020.12.19"]
[EventType "team-tourn"]
[EventCountry "NET"]
[SourceTitle "playchess.com"]
[Source "ChessBase"]
[SourceQuality "1"]

{[%evp 9,119,-22,-12,-20,-26,-14,-19,-16,-18,-24,-7,-21,7,8,6,6,36,19,52,64,79,87,132,132,173,-82,-106,-97,29,28,36,24,32,28,41,23,20,20,28,0,0,-7,-12,-24,-24,-29,0,0,0,0,0,0,0,0,0,0,94,0,0,0,0,0,0,0,0,-82,0,-13,0,0,104,104,104,104,6079,-131,41,41,41,41,41,41,41,41,41,41,41,41,41,41,41,41,41,41,41,41,41,41,41,41,41,41,41,41,41,8,8,8,8,0,0,0]} 1. e4 c5 2. b3 Nf6 3. e5 Nd5 4. Bb2 g6 5. d4 Qa5+ 6. c3 {B20: Sicilian: Unusual White 2nd moves.} cxd4 7. Qxd4 Nc6 8. Qd2 $1 Nc7 (8... Nxe5 $2 9. b4 $18) 9. f4 $1 {[#]} Ne6 $146 ({Predecessor:} 9... Bg7 10. b4 Qd5 11. Nf3 d6 12. b5 Na5 13. c4 Qxd2+ 14. Nbxd2 Ne6 15. O-O-O Nxf4 16. exd6 Bxb2+ 17. Kxb2 exd6 {0-1 (39) Pridorozhni,A (2577)-Khismatullin,D (2619) Khanty-Mansiysk 2016}) 10. Nf3 Bg7 11. Na3 {[%cal Bb1a3,Ba3c4,Bc4d6][%mdl 32]} O-O 12. g3 d6 13. Nc4 Qd8 14. exd6 exd6 15. O-O-O $1 (15. Qxd6 Qf6 $11) 15... Qf6 16. Nxd6 Rd8 17. Qc2 $2 ({White should try} 17. Bc4 $1 $18) 17... Nxf4 $1 $17 18. Nxc8 Rdxc8 ({Black should play} 18... Raxc8 $17 19. Bc4 (19. gxf4 Qxf4+ {[%mdl 64] Double Attack} 20. Kb1 Qxf3 $17 {[%mdl 64] Double Attack}) 19... b5 $1 {[%mdl 512]} 20. Rxd8+ (20. Bxb5 $2 Nd5 $19) 20... Nxd8) 19. c4 $11 ({Don't play} 19. gxf4 Nb4 $15) 19... Qxb2+ 20. Qxb2 Bxb2+ 21. Kxb2 Ne6 22. Bh3 Re8 23. Rhe1 Nc5 24. Rxe8+ Rxe8 25. Rd2 Re3 26. Bg2 Ne4 27. Rc2 Nb4 28. Nd4 $1 Nxc2 29. Nxc2 {[%mdl 4096] Endgame KRN-KBN} Re2 30. Bf3 Rxh2 31. Bxe4 b6 32. b4 f5 (32... Kf8 $11) 33. Bd5+ (33. Bb7 $1 $16 {Black must now prevent c5.} Kf8 34. c5 bxc5 35. bxc5) 33... Kf8 $1 34. c5 bxc5 35. bxc5 Ke7 36. Kc3 Rh3 37. Nd4 (37. Kc4 $11) 37... Rxg3+ (37... f4 $1 $17 {[%cal Rf4g3]} 38. Nc6+ Ke8) 38. Kd2 a6 39. Ne6 Kd7 (39... Rg4 $11 {remains equal.}) 40. c6+ $1 $16 {[%mdl 1024] White has strong compensation.} Kc8 {[#]} 41. Kc2 $1 {And now Bc4 would win.} h5 $2 {[%mdl 8192]} (41... f4 $16) 42. Kb2 $2 {[#]} ({White has to play} 42. Bc4 $18 Rg2+ 43. Kc3 Rg3+ 44. Kb4 a5+ {[%mdl 64] Decoy} 45. Kxa5 Ra3+ 46. Kb6) 42... h4 $2 (42... Rg4 $1 $17 43. Kc3 h4) 43. Bc4 $14 Rg2+ 44. Kb1 Rg1+ 45. Kc2 Rg2+ 46. Kc1 Rg1+ 47. Kd2 Rg2+ 48. Kd1 Rg1+ 49. Ke2 Rc1 $1 {[%cal Rc1c4]} 50. Bxa6+ Kb8 51. c7+ Rxc7 52. Nxc7 Kxc7 {KB-K3P} 53. Bd3 {Hoping for Kf1.} Kb6 54. Kf3 {Threatens to win with Kg2.} Ka5 55. Kg2 {aiming for Kh3.} Kb4 56. Kh3 Ka3 $1 57. Kxh4 {Bc4 is the strong threat.} (57. Bc4 $5 {[%cal Rh3h4]} g5 58. Be6 $16) 57... Kxa2 {The position is equal.} 58. Kg5 Kb2 59. Bxf5 gxf5 60. Kxf5 {Weighted Error Value: White=0.30/Black=0.19} 1/2-1/2

[Event "EWCCC Online Preliminary-D 2020"]
[Site "Online"]
[Date "2020.12.19"]
[Round "2.4"]
[White "Fataliyeva, Ulviyya"]
[Black "Salimova, Nurgyul"]
[Result "0-1"]
[WhiteElo "2301"]
[BlackElo "2397"]
[Annotator "TA"]
[PlyCount "122"]
[EventDate "2020.12.19"]
[EventType "team-tourn"]
[EventCountry "NET"]
[SourceTitle "playchess.com"]
[Source "ChessBase"]
[SourceQuality "1"]

{[%evp 17,122,0,0,-122,-131,-179,-173,-180,-158,-183,-109,-268,-258,-265,-229,-306,-174,-215,-202,-203,-215,-199,-126,-128,-129,-125,-85,-88,-87,-481,-57,-59,-43,-105,-85,-107,-67,-149,-154,-190,-193,-208,-102,-193,-106,-129,0,-182,-91,-304,-62,-242,-235,-196,-88,-311,-302,-267,0,-282,0,-260,-199,-603,-582,-683,-679,-600,-461,-414,0,-110,-76,-152,-41,-156,-121,-414,-422,-385,-285,-283,-260,-381,-362,-334,-361,-304,-326,-256,-88,-592,-589,-648,-475,-624,-583,-572,-565,-551,-508,-473,-267,-29968,-29969,-12759,-11127]} 1. d4 e6 2. c4 Bb4+ 3. Nc3 Nf6 4. e3 O-O 5. Bd3 d5 6. Nf3 dxc4 7. Bxc4 c5 8. a3 Bxc3+ 9. bxc3 Qc7 10. Qe2 {E53: Nimzo-Indian: Rubinstein: Main Line (4...0-0 5 Nf3 d5 6 Bd3 c5 7 0-0).} (10. Be2 $11 {remains equal.}) 10... cxd4 $17 {[#]} 11. O-O $146 ({Wrong is} 11. exd4 $2 b5 $1 $19 {[%mdl 512]}) ({Predecessor:} 11. Nxd4 e5 12. Nc2 Bf5 13. e4 Bxe4 14. Ra2 Rc8 15. Ne3 Bxg2 16. Rg1 Be4 17. h4 Bg6 {0-1 (34) Mihov,F (2154)-Tan,J (2508) Daventry 2018}) 11... dxc3 12. a4 {Black is clearly better.} Bd7 $1 13. Ra3 Rc8 (13... Qa5 $1 $19 14. Qd3 Bxa4 15. Qxc3 Qxc3 16. Rxc3 b5) 14. Bd3 $2 (14. Rxc3 $17 {only move.} Ne4 15. Rc2) 14... Nc6 15. e4 e5 16. Bg5 Ne8 (16... Bg4 $142 {Hoping for ...Nd4.} 17. Bxf6 Nd4) 17. Rc1 Nd4 18. Qe3 Nxf3+ 19. Qxf3 Qd6 (19... Qa5 $19 20. Qe2 Rc7) 20. Raxc3 Rxc3 21. Rxc3 Rc8 22. Bc4 Be6 23. Rd3 $2 {[%mdl 8192] [#]} (23. Bf1 $17) 23... Qb6 $2 (23... Qb4 $1 $19 {[%cal Rb4e1]} 24. Qd1 Bxc4) 24. Bxe6 $15 Qxe6 25. h4 (25. h3 $15) 25... h6 $17 26. Bd2 b6 27. Bc3 ({White should try} 27. Qf5 $15) 27... Nf6 28. Qe2 Kh7 29. f3 Qe7 (29... Nh5 $1 $19 {[%cal Rh5f4]} 30. Qd2 Qe7) 30. Qd2 (30. Qb2 $17 {was called for.}) 30... Qc5+ (30... Nh5 $1 $19 {Threatens to win with ...Ng3.} 31. Rd5 Nf4 32. Rxe5 Qxh4) 31. Kh2 Qe7 (31... Nh5 $17 32. g3 Rc6) 32. g4 $2 (32. Kg1 $1 $11 {and White is okay.}) 32... Rc7 (32... Rc4 $1 $19 33. Qa2 Qc5) 33. g5 $2 (33. Kg3 $17 {was necessary.}) 33... hxg5 $2 (33... Nh5 $19 34. Rd5 f6 35. gxf6 Nxf6) 34. hxg5 $2 (34. Qxg5 $15 Rc5 35. Kg3) 34... Nh5 $19 {And now ...Nf4 would win.} 35. Rd5 Rc5 (35... f6 $19 {and Black stays clearly on top.} 36. gxf6 Nxf6) 36. Rd7 $2 (36. Bxe5 $17 {was worth a try.} Rxd5 37. g6+ $1 {[%mdl 512]} Kxg6 38. Qxd5) 36... Qe6 37. Rd6 Qe7 {Strongly threatening ...Rxc3!} 38. Rd7 Qe6 39. Rd6 $1 {[%cal Rd6e6]} Qb3 40. Qg2 $2 (40. g6+ fxg6 41. Qg5) 40... g6 $1 ({Not} 40... Rxc3 41. g6+ Kh6 42. gxf7+ Qe6 43. Rxe6+ Nf6 44. f8=Q Kh5 45. Rxe5+ Kh6 46. Qgxg7#) 41. Bd2 Rc2 42. Kg1 Qb1+ 43. Qf1 Qb3 $2 (43... Qa2 $19 44. Qe1 Rb2) 44. Qd3 (44. Qg2 $1 $11 Qxa4 45. Qf2) 44... Qxa4 $17 {[#]} 45. Qd5 $1 {[%mdl 512] [#]} Qa1+ ({Black should play} 45... Qc4 $1 $17 {aiming for ...Qxd5.} 46. Qxc4 Rxc4) 46. Kh2 (46. Kf2 $15 Qa2 47. Ke1) 46... Qa2 47. Rd7 $2 {[%mdl 8192]} (47. Qxa2 $17 Rxa2 48. Kh3) 47... Qxd5 $19 48. Rxd5 {[%mdl 4096] Endgame KRB-KRN} Nf4 49. Rd7 Kg7 50. Kg1 (50. Kg3 $142) 50... Ne6 51. Be3 b5 {[%cal Bb6b5,Bb5b4,Bb4b3][%mdl 32]} 52. Rxa7 {[#]} b4 $1 {[%cal Rb4b3]} 53. Rb7 Rb2 $2 (53... Re2 $19 {is more deadly.} 54. Bf2 Nxg5) 54. f4 $2 {[%mdl 8192]} (54. Kf1 $17 {stays breathing.}) 54... exf4 55. Bf2 b3 56. Ba7 Ra2 {White must now prevent ...b2.} 57. Bb8 {If only White now had time for Be5+....} Ra5 58. Rxb3 Rxg5+ 59. Kf2 Nc5 (59... Rc5 $142 60. Rd3 g5) 60. Rb1 $2 (60. Rb6 $19) 60... Nxe4+ 61. Kf1 Nd2+ {[%mdl 64] Double Attack.  Weighted Error Value: White=1.08/Black=0.70} 0-1

[Event "EWCCC Online Preliminary-D 2020"]
[Site "Online"]
[Date "2020.12.19"]
[Round "3.1"]
[White "Sebag, Marie"]
[Black "Velikic, Adela"]
[Result "1-0"]
[WhiteElo "2438"]
[BlackElo "2278"]
[Annotator "TA"]
[PlyCount "83"]
[EventDate "2020.12.19"]
[EventType "team-tourn"]
[EventCountry "NET"]
[SourceTitle "playchess.com"]
[Source "ChessBase"]
[SourceQuality "1"]

{[%evp 21,83,39,40,33,35,36,48,34,40,21,17,14,22,25,30,29,37,39,49,42,45,46,47,0,0,0,0,0,0,0,0,0,62,64,91,72,135,135,127,127,190,191,275,198,291,291,272,268,527,529,525,511,494,459,767,767,766,761,752,750,712,697,1823,728]} 1. e4 c5 2. Nf3 e6 3. c3 d5 4. exd5 exd5 5. d4 Nc6 6. Bb5 Bd6 7. O-O Nge7 8. dxc5 Bxc5 9. Nbd2 {[%cal Bb1d2,Bd2b3,Bb3d4][%mdl 32]} O-O 10. Nb3 Bb6 11. Re1 h6 12. Be3 {C09: French Tarrasch: 3...c5 4 exd5 exd5 5 Ngf3 Nc6.} Bc7 13. Bc5 {Strongly threatening Bxc6.} Re8 {[#]} 14. Bxc6 $146 {White is slightly better.} ({Predecessor:} 14. Nbd4 Bd7 15. Be2 Ng6 16. Nb5 Be6 17. Nxc7 Qxc7 18. Be3 Rad8 19. Nd4 Bc8 20. Qa4 {0-1 (37) Campos Toledo,A (1795)-Hilario,A (1969) Lima 2007}) 14... bxc6 15. Nbd4 {aiming for Rxe7.} Bd7 16. Ne5 Bxe5 17. Rxe5 Ng6 18. Rxe8+ Qxe8 19. Qd2 f6 20. Re1 Qf7 21. g3 Re8 22. Bxa7 Ne5 23. b3 {[%cal Bb2b3,Bb3b4][%mdl 32]} Bh3 24. Bc5 Nd3 {[%mdl 64] Double Attack} 25. Rxe8+ Qxe8 26. b4 Ne5 ({Black should play} 26... Nxc5 $11 27. bxc5 Qe4) 27. f4 $14 Nc4 {Black is now going downhill.} 28. Qe2 Qg6 ({Black should try} 28... Qa8) 29. f5 $1 $16 {[%cal Rf5g6]} ({Avoid the trap} 29. Nxc6 $2 Qb1+ 30. Kf2 Qh1 $19) 29... Bxf5 30. Nxc6 Kh7 {[#]} (30... Kh8 $16 {is a better defense.}) 31. Ne7 $1 $18 {[%csl LRd5,LRg6][%cal Re7g6]} Qg5 (31... Qe8 $142 32. a4 Bb1) 32. Nxd5 Ne5 {[#]} (32... Qc1+ {was necessary.} 33. Qf1 Qc2) 33. Be3 $1 {[%cal Re3g5]} Qg6 {Hoping for ...Bg4.} 34. Ne7 Qg4 $2 (34... Bg4 35. Nxg6 Bxe2) 35. Qxg4 {White is clearly winning.} Bxg4 {[%mdl 4096] Endgame KBN-KBN} 36. a4 Nc4 37. Bd4 Bd7 (37... Bf3 $142 38. Kf2 Bh1) 38. a5 {Black must now prevent a6.} Bb5 39. Nd5 Kg6 40. Nc7 Bc6 41. a6 Nd2 42. a7 {Weighted Error Value: White=0.07/Black=0.33} (42. b5 $142) 1-0